Pintura y quimioterapia
Zapisane w:
| 1. autor: | |
|---|---|
| Format: | Książka |
| Język: | hiszpański |
| Wydane: |
Roma
Sandoz
1963
|
| Seria: | Psicopatología de la Expresión, 1
|
| Hasła przedmiotowe: | |
| Etykiety: |
Dodaj etykietę
Nie ma etykietki, Dołącz pierwszą etykiete!
|
MARC
| LEADER | 00000nam a2200000 a 4500 | ||
|---|---|---|---|
| 001 | UCW5430 | ||
| 003 | CL-VaPUC | ||
| 008 | 910418e19630000IT |||||||||||||||||spa|d | ||
| 082 | 0 | 4 | |a 157 |b DEL |2 21 |
| 100 | 0 | |a Delay, Jean |e author |9 310411 | |
| 245 | 1 | 0 | |a Pintura y quimioterapia |
| 300 | |a pág. irreg | ||
| 942 | |c BK | ||
| 945 | |d 19910418 00:00:00 | ||
| 260 | |a Roma |b Sandoz |c 1963 | ||
| 650 | 0 | |a Dibujo |9 260181 | |
| 650 | 0 | |a Aspectos psicológicos |9 258128 | |
| 650 | 0 | |a Psicología aplicada |9 270762 | |
| 583 | |a last modification |c 20130102 10:01:36 |k Rodrigo Vera | ||
| 490 | 0 | |a Psicopatología de la Expresión, 1 | |
| 999 | |c 218871 |d 218869 | ||
| 952 | |0 0 |1 0 |4 0 |6 157_000000000000000_DEL_1963 |7 0 |8 P |9 209117 |a BIBEDU |b BIBEDU |c BIBEDU_PB |d 2019-11-15 |i 2769182 |o 157 DEL 1963 |p 2769182 |r 2024-01-25 |w 2019-11-15 |y BK |k EDU | ||